| 000 | 00407nam a22001697a 4500 | ||
|---|---|---|---|
| 005 | 20160520110835.0 | ||
| 008 | 160520b xxu||||| |||| 00| 0 eng d | ||
| 020 | _a978-81-265-2143-2 | ||
| 041 | _aeng | ||
| 082 | _b3443 | ||
| 100 |
_aBalasubramaniam R _9860 |
||
| 245 | _aMaterials science and Engineering | ||
| 260 | _bWiley India | ||
| 300 | _a717 | ||
| 650 |
_aDIPLOMA ENGINEERING _9817 |
||
| 942 | _cBK | ||
| 999 |
_c1177 _d1177 |
||